| 000 | 00936cam a22002897a 4500 | ||
|---|---|---|---|
| 003 | CHAP | ||
| 005 | 20220329134753.0 | ||
| 008 | 971013s1970 r 00010 d | ||
| 010 | _a25633 | ||
| 011 | _a26605 | ||
| 035 | _a30706 | ||
| 040 | _cCHAP | ||
| 082 |
_a333.0972 _bC65 |
||
| 110 |
_aConfederación Nacional Campesina. México _926398 |
||
| 245 | 0 | _aManual de tramitación agraria | |
| 260 |
_aMéxico : _bLa Confederación, _c1970 |
||
| 300 | _a164 p. | ||
| 590 |
_aBATCH-UPD _b10 _c20130110 _lUCH01 _h0952 |
||
| 590 |
_aBATCH-UPD _b10 _c20130410 _lUCH01 _h0606 |
||
| 590 |
_aBATCH-UPD _b10 _c20130914 _lUCH01 _h2046 |
||
| 590 |
_aCONVERSION _b10 _c20130109 _lUCH01 _h1315 |
||
| 650 | 1 | 4 |
_aTierras _xTenencia _zMéxico. _9113215 |
| 901 | _aBK | ||
| 942 | _cLIBRO | ||
| 949 |
_a333.0972 C65 _bBC _cLIBRO _d33724000322715 _eLIBRO _fc.2 _h14917 _i30706 _mD _si |
||
| 949 |
_a333.0972 C65 _bBC _cLIBRO _d33724000599437 _eLIBRO _h14916 _i30706 _mD _si |
||
| 999 |
_c25633 _d25633 |
||